Обучение студентов начального уровня монологической презентационной речи на английском языке; Молодой ученый; № 7
| Parent link: | Молодой ученый.— , 2008- № 7.— 2010.— [С. 310-312] |
|---|---|
| 1. Verfasser: | |
| Zusammenfassung: | Заглавие с экрана Режим доступа: по договору с организацией-держателем ресурса |
| Sprache: | Russisch |
| Veröffentlicht: |
2010
|
| Schlagworte: | |
| Online-Zugang: | http://www.moluch.ru/archive/14/1318/ http://elibrary.ru/item.asp?id=15172697 |
| Format: | MixedMaterials Elektronisch Buchkapitel |
| KOHA link: | https://koha.lib.tpu.ru/cgi-bin/koha/opac-detail.pl?biblionumber=638589 |
MARC
| LEADER | 00000naa0a2200000 4500 | ||
|---|---|---|---|
| 001 | 638589 | ||
| 005 | 20250205162433.0 | ||
| 035 | |a (RuTPU)RU\TPU\network\2979 | ||
| 090 | |a 638589 | ||
| 100 | |a 20150205d2010 k||y0rusy50 ca | ||
| 101 | 0 | |a rus | |
| 102 | |a RU | ||
| 135 | |a drcn ---uucaa | ||
| 181 | 0 | |a i | |
| 182 | 0 | |a b | |
| 200 | 1 | |a Обучение студентов начального уровня монологической презентационной речи на английском языке |f Д. В. Шепетовский | |
| 203 | |a Текст |c электронный | ||
| 300 | |a Заглавие с экрана | ||
| 333 | |a Режим доступа: по договору с организацией-держателем ресурса | ||
| 461 | |t Молодой ученый |d 2008- | ||
| 463 | |t № 7 |v [С. 310-312] |d 2010 | ||
| 610 | 1 | |a электронный ресурс | |
| 610 | 1 | |a труды учёных ТПУ | |
| 610 | 1 | |a английский язык | |
| 610 | 1 | |a технические вузы | |
| 610 | 1 | |a обучение | |
| 610 | 1 | |a презентационные материалы | |
| 700 | 1 | |a Шепетовский |b Д. В. |c лингвист |c старший преподаватель Томского политехнического университета |f 1978- |g Денис Владимирович |3 (RuTPU)RU\TPU\pers\32316 | |
| 801 | 2 | |a RU |b 63413507 |c 20150205 |g RCR | |
| 856 | 4 | |u http://www.moluch.ru/archive/14/1318/ | |
| 856 | 4 | |u http://elibrary.ru/item.asp?id=15172697 | |
| 942 | |c CF | ||